000
00270nam a2200133Ia 4500
100
_a
Schwartz/M.M
942
_c
BK
654
_a
metals
245
_a
Metals joining Manual
260
_b
McGraw - Hill
_c
1979
082
_a
671.5
_b
SCH
546
_a
ENGLISH
999
_c
31633
_d
31633